| 000 | 00373 a2200133 4500 | ||
|---|---|---|---|
| 001 | ART_3659 | ||
| 005 | 20260410161717.0 | ||
| 008 | 260409a | ||
| 245 | 1 | 0 | _aLa deuda argentina |
| 100 | 1 | _aFrenkel, Roberto | |
| 700 | 1 | _aDamill, Mario | |
| 700 | 1 | _aRapetti, Martín | |
| 773 | 0 |
_tDesarrollo económico _g- Vol. 45, Nº 178 (jul./sep. 2005) _wREV1174 |
|
| 999 |
_c16590 _d16590 |
||